Catálogo

Tiempo, narrativa e historia / (Registro nro. 24329)

Detalles MARC
000 -LEADER
fixed length control field 01318nam a2200349 i 4500
001 - CONTROL NUMBER
control field 24329
003 - CONTROL NUMBER IDENTIFIER
control field Mx-PuUPA
005 - DATE AND TIME OF LATEST TRANSACTION
control field 20250616093439.0
008 - FIXED-LENGTH DATA ELEMENTS--GENERAL INFORMATION
fixed length control field 140415s2015 ag gr 001 0 spa d
020 ## - INTERNATIONAL STANDARD BOOK NUMBER
International Standard Book Number 9789875746978
040 ## - CATALOGING SOURCE
Transcribing agency Mx-PuUPA
Original cataloging agency Mx-PuUPA
Language of cataloging spa
Modifying agency Mx-PuUPA
Description conventions rda
041 1# - LANGUAGE CODE
Language code of text/sound track or separate title spa
Language code of original und
100 1# - MAIN ENTRY--PERSONAL NAME
Personal name Carr, David,
Dates associated with a name 1940-
Relator term autor
9 (RLIN) 17189
240 10 - UNIFORM TITLE
Uniform title Time, narrative and history.
Language of a work Español
245 10 - TITLE STATEMENT
Title Tiempo, narrativa e historia /
Statement of responsibility, etc. David Carr; traducción, Juan Pablo Pardías ; nota preliminar de Verónica Tozzi
264 #1 - PRODUCTION, PUBLICATION, DISTRIBUTION, MANUFACTURE, AND COPYRIGHT NOTICE
Place of production, publication, distribution, manufacture Buenos Aires, Argentina :
Name of producer, publisher, distributor, manufacturer Prometeo Libros,
Date of production, publication, distribution, manufacture, or copyright notice ©2015
300 ## - PHYSICAL DESCRIPTION
Extent 199 páginas ;
Dimensions 24 cm
336 ## - CONTENT TYPE
Fuente rdacontent
Content type term texto
Content type code txt
337 ## - MEDIA TYPE
Source rdamedia
Media type term sin medio
Media type code n
338 ## - CARRIER TYPE
Source rdacarrier
Carrier type term volumen
Carrier type code nc
490 0# - SERIES STATEMENT
Series statement Colección Historia y Teoría
650 #7 - SUBJECT ADDED ENTRY--TOPICAL TERM
Source of heading or term armarc
Topical term or geographic name entry element Tiempo
650 #7 - SUBJECT ADDED ENTRY--TOPICAL TERM
Source of heading or term armarc
Topical term or geographic name entry element Narración (Retórica)
650 #7 - SUBJECT ADDED ENTRY--TOPICAL TERM
Source of heading or term armarc
Topical term or geographic name entry element Historia
General subdivision Filosofía
700 1# - ADDED ENTRY--PERSONAL NAME
Personal name Pardías, Juan Pablo,
Relator term traductor
700 1# - ADDED ENTRY--PERSONAL NAME
Personal name Tozzi, Verónica,
Relator term autor de nota preliminar
765 1# - ORIGINAL LANGUAGE ENTRY
Main entry heading Carr, David
Title Time, Narrative and History
Place, publisher, and date of publication Indiana University Press, 1986
942 ## - ADDED ENTRY ELEMENTS (KOHA)
Source of classification or shelving scheme Dewey Decimal Classification
Koha item type Libro
Classification part 901
Item part C2518
Existencias
Withdrawn status Lost status Source of classification or shelving scheme Damaged status Not for loan Collection code Home library Current library Shelving location Date acquired Source of acquisition Cost, normal purchase price Total Checkouts Full call number Barcode Date last seen Copy number Cost, replacement price Price effective from Koha item type
    Dewey Decimal Classification     General Biblioteca Karol Wojtyla Biblioteca Karol Wojtyla Sala general 09/04/2025 25 1360.00   901 C2518 2015 105957 05/01/2026 Ej.2 1360.00 09/04/2025 Libro
    Dewey Decimal Classification     General Biblioteca Karol Wojtyla Biblioteca Karol Wojtyla Sala general 09/04/2025 25 1360.00   901 C2518 2015 105956 05/01/2026   1360.00 09/04/2025 Libro